CHEEMISTRY (Record no. 7141)

MARC details
000 -LEADER
fixed length control field 00317nam a22001457a 4500
003 - CONTROL NUMBER IDENTIFIER
control field OSt
005 - DATE AND TIME OF LATEST TRANSACTION
control field 20210928113154.0
008 - FIXED-LENGTH DATA ELEMENTS--GENERAL INFORMATION
fixed length control field 210928b |||||||| |||| 00| 0 eng d
040 ## - CATALOGING SOURCE
Transcribing agency HU
082 ## - DEWEY DECIMAL CLASSIFICATION NUMBER
Classification number 540/CHA
100 ## - MAIN ENTRY--PERSONAL NAME
Personal name REYMOND
Fuller form of name CHANG REYMOND
9 (RLIN) 7598
245 ## - TITLE STATEMENT
Title CHEEMISTRY
300 ## - PHYSICAL DESCRIPTION
Extent 1085
942 ## - ADDED ENTRY ELEMENTS (KOHA)
Source of classification or shelving scheme Dewey Decimal Classification
Koha item type Books like text book referance book
Suppress in OPAC No
Holdings
Withdrawn status Lost status Source of classification or shelving scheme Damaged status Not for loan Home library Current library Shelving location Date acquired Total Checkouts Full call number Barcode Date last seen Copy number Price effective from Koha item type
    Dewey Decimal Classification     Natural & Computational Science Library Natural & Computational Science Library General Stacks 09/28/2021   540/CHA NSCLIB00014026 09/28/2021 1 09/28/2021 Books like text book referance book